[Event "4.Nord-West-Cup"]
[Site "?"]
[Date "2002.??.??"]
[Round "4"]
[White "Meijer, Johannes"]
[Black "Nedkov, Petar"]
[Result "0-1"]
[WhiteElo "1385"]
[BlackElo "1836"]
[PlyCount "72"]

1. d4 Nf6 2. c4 g6 3. Nc3 Bg7 4. e4 d6 5. Nge2 O-O 6. Ng3 Nbd7 7. Be2 c5 8. d5
Re8 9. Be3 Nf8 10. Qd2 Qb6 11. a4 Bd7 12. Qc1 e6 13. Bd2 exd5 14. a5 Qd8 15.
cxd5 b5 16. f3 b4 17. Nb5 Bxb5 18. Bxb5 N6d7 19. O-O Re7 20. Bh6 Rb8 21. Bxg7
Kxg7 22. Bxd7 Qxd7 23. b3 h6 24. Qc4 Qb5 25. a6 Qxc4 26. bxc4 Nd7 27. f4 Nb6
28. Rfc1 h5 29. h4 Ree8 30. f5 Nd7 31. fxg6 fxg6 32. Kf2 Ne5 33. Ke3 b3 34.
Rab1 Rb4 35. Rc3 Reb8 36. Rb2 Nxc4+ 0-1

[Event "4.Nord-West-Cup"]
[Site "?"]
[Date "2002.??.??"]
[Round "4"]
[White "Kohlmann, Arndt"]
[Black "Spittel, Olaf"]
[Result "0-1"]
[WhiteElo "1178"]
[BlackElo "1830"]
[PlyCount "86"]

1. e4 d6 2. Nf3 Nf6 3. Nc3 g6 4. d4 Bg7 5. Bd3 O-O 6. O-O e5 7. dxe5 dxe5 8.
Bg5 Qe8 9. h3 c6 10. a4 h6 11. Be3 Nbd7 12. Qd2 Kh7 13. Nh4 Qe7 14. Rfe1 Nc5
15. Bxc5 Qxc5 16. Nf3 Nh5 17. Qe3 Qxe3 18. Rxe3 Be6 19. Nd2 Rad8 20. Rd1 Nf4
21. Bc4 Rxd2 22. Rxd2 Bxc4 23. b3 Be6 24. Ne2 Nxe2+ 25. Rexe2 Bf6 26. Rd3 Rd8
27. Rxd8 Bxd8 28. f3 Ba5 29. Kf1 c5 30. Re3 c4 31. Ke2 Bb6 32. Rc3 Bd4 33. Rxc4
Bxc4+ 34. bxc4 f5 35. exf5 gxf5 36. g4 Kg6 37. h4 a6 38. Kf1 e4 39. gxf5+ Kxf5
40. Ke2 e3 41. Ke1 Kf4 42. Ke2 h5 43. a5 Bc3 0-1

[Event "4.Nord-West-Cup"]
[Site "?"]
[Date "2002.??.??"]
[Round "4"]
[White "Gorman, Stephen"]
[Black "van Hove, Ode"]
[Result "1-0"]
[WhiteElo "1829"]
[BlackElo "1485"]
[PlyCount "45"]

1. Nf3 d5 2. c4 Nf6 3. g3 c6 4. Bg2 e6 5. O-O Be7 6. d4 O-O 7. Nc3 h6 8. Bf4
Bd6 9. Qd2 Bxf4 10. Qxf4 Nbd7 11. b3 Re8 12. Rad1 Qe7 13. Ne5 Nh7 14. e4 Nxe5
15. Qxe5 dxe4 16. Nxe4 Rd8 17. d5 cxd5 18. cxd5 Bd7 19. Rc1 Rac8 20. d6 Qe8 21.
Rc7 Rxc7 22. dxc7 Rc8 23. Nd6 1-0

[Event "4.Nord-West-Cup"]
[Site "?"]
[Date "2002.??.??"]
[Round "4"]
[White "Muders, Martin"]
[Black "Frerichs, Manfred"]
[Result "0-1"]
[WhiteElo "1820"]
[BlackElo "1457"]
[PlyCount "91"]

1. e4 c5 2. Nf3 Nc6 3. d4 cxd4 4. Nxd4 Nf6 5. Nc3 e5 6. Ndb5 d6 7. Bg5 a6 8.
Na3 b5 9. Nd5 Be6 10. Bxf6 gxf6 11. c3 f5 12. exf5 Bxf5 13. Nc2 Bd7 14. a4 bxa4
15. Rxa4 Nb8 16. Ra3 Bg7 17. Qf3 Ra7 18. Ncb4 a5 19. Bc4 O-O 20. O-O Nc6 21.
Nc2 Be6 22. Nce3 Bxd5 23. Nxd5 Ne7 24. Rfa1 Nxd5 25. Qxd5 Qe7 26. Rxa5 Rxa5 27.
Rxa5 e4 28. Qh5 Qc7 29. Qd5 Qe7 30. Rb5 e3 31. Kf1 exf2 32. Kxf2 Re8 33. Qd2
Qh4+ 34. Kf3 Qxc4 35. Rg5 Qe4+ 36. Kf2 Qh4+ 37. Rg3 Qf6+ 38. Kg1 Qe5 39. Kf2
Qc5+ 40. Kf1 Qf5+ 41. Kg1 Qe5 42. Kf2 Qf6+ 43. Kg1 Kh8 44. h3 Bh6 45. Qd5 Be3+
46. Kh1 0-1

[Event "4.Nord-West-Cup"]
[Site "?"]
[Date "2002.??.??"]
[Round "4"]
[White "Niemann, Heinrich"]
[Black "Schneider, Florian"]
[Result "1/2-1/2"]
[WhiteElo "1590"]
[BlackElo "1748"]
[PlyCount "48"]

1. e4 c6 2. d4 d5 3. e5 Bf5 4. Bd3 Bxd3 5. Qxd3 e6 6. Nf3 c5 7. c3 Nc6 8. O-O
Qc7 9. Be3 Nge7 10. Na3 a6 11. Nc2 Ng6 12. Nd2 Be7 13. f4 c4 14. Qe2 Nh4 15.
Bf2 g6 16. Ne3 Nf5 17. g4 Nxe3 18. Bxe3 Kd7 19. f5 gxf5 20. gxf5 Rag8+ 21. Kh1
exf5 22. Rxf5 Nd8 23. Qf3 Qc6 24. Qh3 Ke8 1/2-1/2

[Event "4.Nord-West-Cup"]
[Site "?"]
[Date "2002.??.??"]
[Round "4"]
[White "Keck, Martin"]
[Black "Lukossek, Thomas"]
[Result "1/2-1/2"]
[WhiteElo "1555"]
[BlackElo "1732"]
[PlyCount "29"]

1. e4 e5 2. Nf3 Nc6 3. Bc4 Bc5 4. d3 Nf6 5. Bg5 O-O 6. Nc3 Bb4 7. O-O Bxc3 8.
bxc3 d6 9. h3 Na5 10. Bb3 h6 11. Bh4 Nxb3 12. axb3 c5 13. Re1 Qe7 14. d4 cxd4
15. cxd4 1/2-1/2

[Event "4.Nord-West-Cup"]
[Site "?"]
[Date "2002.??.??"]
[Round "4"]
[White "Reininga, Jannes"]
[Black "Carstens, Manfred"]
[Result "1/2-1/2"]
[WhiteElo "1562"]
[BlackElo "1689"]
[PlyCount "67"]

1. d4 Nf6 2. c4 d5 3. cxd5 Qxd5 4. Nc3 Qd8 5. Nf3 c6 6. e4 e6 7. Bg5 Be7 8. Bd3
Nbd7 9. Qe2 h6 10. Bh4 g5 11. Bg3 Nf8 12. h3 Qa5 13. O-O g4 14. Ne5 gxh3 15.
gxh3 Ng6 16. Nxg6 fxg6 17. e5 Nd5 18. Bxg6+ Kd8 19. Ne4 Bd7 20. Nd6 Kc7 21. Nf7
Rhg8 22. Qh5 Qd2 23. Rfd1 Qxb2 24. Nd6 Nc3 25. Re1 b6 26. a4 Qd2 27. a5 bxa5
28. Nc4 Qxd4 29. Nxa5 Rxg6 30. Qxg6 Ne2+ 31. Kh2 Nxg3 32. fxg3 Qf2+ 33. Kh1
Qf3+ 34. Kh2 1/2-1/2

[Event "4.Nord-West-Cup"]
[Site "?"]
[Date "2002.??.??"]
[Round "4"]
[White "Otte, Klaus"]
[Black "Zell, Stefan"]
[Result "1/2-1/2"]
[WhiteElo "1345"]
[BlackElo "1678"]
[PlyCount "35"]

1. d4 Nf6 2. c4 e6 3. Nf3 b6 4. Bg5 Be7 5. e3 Bb7 6. Nbd2 h6 7. Bh4 O-O 8. Bd3
d5 9. Rc1 dxc4 10. Bxc4 Nbd7 11. O-O c5 12. Qe2 cxd4 13. Nxd4 Ne5 14. Ba6 Qd5
15. Bxb7 Qxb7 16. N2f3 Nxf3+ 17. Qxf3 Qxf3 18. Nxf3 1/2-1/2

[Event "4.Nord-West-Cup"]
[Site "?"]
[Date "2002.??.??"]
[Round "4"]
[White "van der Veen, Anne"]
[Black "Arora, Manuel"]
[Result "1/2-1/2"]
[WhiteElo "1600"]
[BlackElo "1428"]
[PlyCount "66"]

1. e4 c5 2. Nf3 d6 3. Bb5+ Bd7 4. a4 Bxb5 5. axb5 Nf6 6. d3 e6 7. O-O g6 8. b3
Bg7 9. Bb2 O-O 10. Nbd2 Re8 11. Ra4 Nbd7 12. Qa1 Qb6 13. Nc4 Qc7 14. Nxd6 Qxd6
15. e5 Nxe5 16. Bxe5 Qe7 17. Rxa7 Rxa7 18. Qxa7 Nd5 19. Bxg7 Kxg7 20. Qa1+ Qf6
21. Qxf6+ Kxf6 22. Ra1 Nb6 23. Nd2 Ra8 24. Ne4+ Ke5 25. Rxa8 Nxa8 26. Nxc5 b6
27. Na4 Nc7 28. Nxb6 Nxb5 29. Nc4+ Kd4 30. f4 Kc3 31. Kf2 Kxc2 32. Ke3 Kxb3 33.
Nd2+ Kb4 1/2-1/2

[Event "4.Nord-West-Cup"]
[Site "?"]
[Date "2002.??.??"]
[Round "4"]
[White "Nolte, Wilhelm"]
[Black "Stindt, Rolf"]
[Result "1-0"]
[WhiteElo "1692"]
[BlackElo "1557"]
[PlyCount "99"]

1. e4 d6 2. d4 Nf6 3. Nc3 g6 4. Bd3 Bg7 5. Nge2 O-O 6. O-O a6 7. f3 b5 8. a3
Bb7 9. Be3 Nbd7 10. b4 Qc8 11. Qd2 e6 12. Bh6 c5 13. Bxg7 Kxg7 14. dxc5 dxc5
15. Ng3 c4 16. Be2 Rd8 17. Qf4 Qb8 18. Qxb8 Raxb8 19. Rfd1 Ne5 20. a4 Bc6 21.
axb5 axb5 22. f4 Rxd1+ 23. Rxd1 Ned7 24. Rd6 Rb6 25. e5 Ne8 26. Rd1 Nc7 27. Bf3
Bxf3 28. Rxd7 Nd5 29. Nxd5 Bxd5 30. c3 Ra6 31. Ne2 Ra1+ 32. Kf2 Ra2 33. g4 h5
34. gxh5 gxh5 35. f5 Bc6 36. Rd6 Bd5 37. Ke3 Rc2 38. h4 Kh7 39. Rd7 Kg7 40. f6+
Kg6 41. Rd8 Kf5 42. Nd4+ Kxe5 43. Nxc2 Kxf6 44. Nd4 Ke5 45. Rh8 Kd6 46. Nxb5+
Kc6 47. Nd4+ Kc7 48. Rxh5 f6 49. Rxd5 exd5 50. h5 1-0

[Event "4.Nord-West-Cup"]
[Site "?"]
[Date "2002.??.??"]
[Round "4"]
[White "Schippl, Thomas"]
[Black "Reinhard, Ralf-Peter"]
[Result "1/2-1/2"]
[WhiteElo "1595"]
[BlackElo "1400"]
[PlyCount "47"]

1. d4 Nf6 2. c4 e5 3. dxe5 Ng4 4. Nf3 Bc5 5. e3 Nc6 6. a3 a5 7. Nc3 Ngxe5 8.
Be2 O-O 9. b3 Nxf3+ 10. Bxf3 Ne5 11. Bb2 Re8 12. O-O Rb8 13. Bh5 b6 14. Nd5 Bb7
15. Re1 Bf8 16. f4 Ng6 17. f5 Ne5 18. Bxe5 Rxe5 19. e4 Bxd5 20. cxd5 Bc5+ 21.
Kh1 Qe7 22. Bf3 Bxa3 23. Qd3 Bc5 24. Qb5 1/2-1/2

[Event "4.Nord-West-Cup"]
[Site "?"]
[Date "2002.??.??"]
[Round "5"]
[White "Bischoff, Klaus"]
[Black "Vasiljevic, Dragan"]
[Result "1-0"]
[WhiteElo "2558"]
[BlackElo "2351"]
[PlyCount "75"]

1. c4 e6 2. Nc3 d5 3. d4 Nf6 4. cxd5 exd5 5. Bg5 Be7 6. e3 Nbd7 7. Bd3 c6 8.
Qc2 Nh5 9. Bxe7 Qxe7 10. O-O-O g6 11. Nf3 f5 12. Kb1 Nhf6 13. h4 Ne4 14. Rc1
O-O 15. Ka1 Kh8 16. g3 h5 17. Rhf1 Kg7 18. Ne2 a5 19. Nf4 a4 20. a3 Kh6 21.
Rfd1 Rf6 22. Ne1 Nf8 23. Bf1 Nd6 24. Nf3 Nd7 25. Qd2 Ne4 26. Qe1 Nd6 27. Rc2
Nf7 28. Rdc1 Nb6 29. Rc5 Nd6 30. Qb4 Qd8 31. Ra5 Rb8 32. Ne5 Ne4 33. f3 Nd6 34.
Bd3 Be6 35. Qd2 Ndc4 36. Bxc4 Nxc4 37. Nxc4 dxc4 38. e4 1-0

[Event "4.Nord-West-Cup"]
[Site "?"]
[Date "2002.??.??"]
[Round "5"]
[White "Meins, Gerlef"]
[Black "Zezulkin, Jurij"]
[Result "1-0"]
[WhiteElo "2393"]
[BlackElo "2523"]
[PlyCount "53"]

1. d4 Nf6 2. c4 g6 3. Nc3 d5 4. Bf4 Bg7 5. e3 c5 6. dxc5 Qa5 7. Rc1 dxc4 8.
Bxc4 O-O 9. Nf3 Qxc5 10. Bb3 Qa5 11. O-O Na6 12. Ng5 Nc5 13. Nd5 Nxd5 14. Bxd5
Ne6 15. Rxc8 Raxc8 16. Nxe6 fxe6 17. Bxe6+ Kh8 18. Bxc8 e5 19. Bg3 Rxc8 20. Qb3
Rd8 21. h3 Qd5 22. Qxd5 Rxd5 23. Rc1 h6 24. Rc8+ Kh7 25. Rc7 Rb5 26. a4 Rd5 27.
Rxb7 1-0

[Event "4.Nord-West-Cup"]
[Site "?"]
[Date "2002.??.??"]
[Round "5"]
[White "Podzielny, Karl-Heinz"]
[Black "Sarakauskas, Gediminas"]
[Result "1-0"]
[WhiteElo "2501"]
[BlackElo "2392"]
[PlyCount "77"]

1. Nf3 c5 2. g3 Nc6 3. c4 e5 4. Nc3 Nge7 5. Bg2 d6 6. a3 a5 7. d3 g6 8. O-O Bg7
9. Ne1 O-O 10. Nc2 Be6 11. Ne3 Rb8 12. Ned5 h6 13. Rb1 Kh7 14. Bd2 f5 15. f4
Ng8 16. b4 axb4 17. axb4 cxb4 18. Nxb4 e4 19. Nbd5 exd3 20. exd3 Nf6 21. Kh1 h5
22. Nxf6+ Qxf6 23. Nb5 Qd8 24. Bc3 d5 25. Bxg7 Kxg7 26. Re1 Bf7 27. c5 h4 28.
Qf3 hxg3 29. Qxg3 Qf6 30. Nd6 b6 31. Nxf7 Rxf7 32. Bxd5 Rd7 33. Re6 Rxd5 34.
Rxf6 Kxf6 35. cxb6 Nd4 36. b7 Rd7 37. Rb6+ Ne6 38. Qe3 Re7 39. Qe5+ 1-0

[Event "4.Nord-West-Cup"]
[Site "?"]
[Date "2002.??.??"]
[Round "5"]
[White "Fish, Gennadij"]
[Black "Petrosjan, Suren"]
[Result "1/2-1/2"]
[WhiteElo "2499"]
[BlackElo "2388"]
[PlyCount "44"]

1. d4 Nf6 2. c4 c5 3. d5 b5 4. cxb5 a6 5. bxa6 g6 6. Nc3 Bxa6 7. e4 Bxf1 8.
Kxf1 d6 9. g3 Bg7 10. Kg2 O-O 11. Nf3 Nbd7 12. h3 Ra6 13. Re1 Qa8 14. Re2 Nb6
15. Rb1 Na4 16. Qc2 Nxc3 17. bxc3 Nd7 18. Bf4 Ra4 19. Qd2 Qa6 20. e5 Nb6 21.
exd6 exd6 22. Bh6 Nxd5 1/2-1/2

[Event "4.Nord-West-Cup"]
[Site "?"]
[Date "2002.??.??"]
[Round "5"]
[White "Gutman, Lev"]
[Black "Hedke, Fred"]
[Result "1-0"]
[WhiteElo "2488"]
[BlackElo "2370"]
[PlyCount "117"]

1. Nf3 Nf6 2. g3 d5 3. Bg2 Nbd7 4. d4 c6 5. O-O g6 6. c4 Bg7 7. cxd5 cxd5 8.
Nc3 O-O 9. Qb3 e6 10. Bf4 a6 11. a4 Nb6 12. Rfd1 Nc4 13. e4 Na5 14. Qc2 dxe4
15. Nxe4 Nd5 16. Bg5 Qb6 17. Nc5 Qc7 18. Bd2 b6 19. Bxa5 bxa5 20. Qd2 Rb8 21.
Rac1 Qb6 22. Rc2 Rd8 23. Qe2 Nb4 24. Rc3 Bb7 25. Ne5 Bxg2 26. Kxg2 Rbc8 27. Rf3
Rc7 28. Qe4 Qa7 29. Qh4 Qa8 30. Ne4 Nc6 31. Nxc6 Rxc6 32. Ng5 h5 33. Nxf7 Rd7
34. Ng5 Rcd6 35. Ne4 Rxd4 36. Rxd4 Bxd4 37. Qf4 Bg7 38. h4 Kh8 39. Kh2 Rd4 40.
Re3 Qd5 41. Qb8+ Qd8 42. Qxd8+ Rxd8 43. b3 Bd4 44. Rf3 Kg8 45. Ng5 Rd6 46. Kg2
Bg7 47. Re3 e5 48. Rc3 Rb6 49. Ne4 Bf8 50. Rd3 Be7 51. Nd2 Bb4 52. Nc4 Re6 53.
Rd5 e4 54. Kf1 Rf6 55. Ke2 Rf3 56. Ne3 Rf6 57. Re5 Bc3 58. Rxe4 Rb6 59. Nd5 1-0

[Event "4.Nord-West-Cup"]
[Site "?"]
[Date "2002.??.??"]
[Round "5"]
[White "Jugelt, Tobias"]
[Black "Ionescu, Doru Alexandru"]
[Result "1/2-1/2"]
[WhiteElo "2433"]
[BlackElo "2369"]
[PlyCount "129"]

1. d4 c5 2. c3 e6 3. e4 d5 4. e5 Qb6 5. Nf3 Bd7 6. Be2 Bb5 7. O-O Bxe2 8. Qxe2
cxd4 9. cxd4 Nc6 10. Be3 Nge7 11. Nc3 Nf5 12. g4 Nxe3 13. fxe3 Be7 14. Kh1
O-O-O 15. Na4 Qa5 16. b3 Kb8 17. a3 f6 18. exf6 gxf6 19. Rfc1 h5 20. gxh5 Rxh5
21. Nc5 Rdh8 22. b4 Qd8 23. Nxe6 Qd7 24. Nf4 R5h6 25. Rg1 Bd6 26. Rg2 Qh7 27.
Nxd5 Qe4 28. Nc3 Qf5 29. Nb5 Bf8 30. e4 Qf4 31. Rf1 a6 32. Nc3 Rh5 33. Nd5 Qh6
34. Qe3 Bd6 35. Qxh6 R5xh6 36. Ne3 Rh3 37. Ng4 Rf8 38. Rgf2 Ka7 39. Kg2 Rh5 40.
d5 Ne7 41. Nd4 Rg8 42. h3 Be5 43. Nf3 Bb8 44. Ng1 f5 45. Rxf5 Nxf5 46. Rxf5
Rxf5 47. exf5 Rg5 48. f6 Rxd5 49. Nf3 a5 50. bxa5 Rxa5 51. h4 Bd6 52. Ne3 Rxa3
53. Nf5 Bf8 54. Ng5 Ra6 55. Nh7 Bc5 56. Ng3 Re6 57. f7 Rh6 58. f8=Q Bxf8 59.
Nxf8 Rxh4 60. Ng6 Rh6 61. Ne5 b5 62. Nf5 Rh5 63. Nd4 Kb6 64. Nxb5 Rxe5 65. Nd4
1/2-1/2

[Event "4.Nord-West-Cup"]
[Site "?"]
[Date "2002.??.??"]
[Round "5"]
[White "Schuette, Marc"]
[Black "Voloshin, Leonid"]
[Result "1-0"]
[WhiteElo "2210"]
[BlackElo "2437"]
[PlyCount "152"]

1. e4 c5 2. Nf3 e6 3. d4 cxd4 4. Nxd4 a6 5. Bd3 Bc5 6. Nb3 Ba7 7. O-O Nc6 8.
Bf4 e5 9. Bg3 Nge7 10. Qh5 d6 11. Kh1 O-O 12. Nc3 Be6 13. Rad1 Nb4 14. Be2 Ng6
15. Rd2 Qc7 16. Bg4 Rfe8 17. a3 Nc6 18. Bxe6 fxe6 19. Rfd1 Rad8 20. Ne2 Rf8 21.
Qg4 Qe7 22. Ng1 Bb8 23. Nh3 Rde8 24. c4 b6 25. Rd3 a5 26. Nd2 a4 27. Nf3 Na5
28. Rc3 Nb3 29. Nfg5 h6 30. Qh5 Nh8 31. Nf3 Qf7 32. Qg4 Qg6 33. Qxg6 Nxg6 34.
Nd2 Nc5 35. f3 Bc7 36. Nf2 Rb8 37. Nd3 Rb7 38. Nb4 Ra8 39. Rc2 Kf7 40. Nb1 b5
41. Bf2 Ne7 42. cxb5 Rxb5 43. Bxc5 Rxc5 44. Rxc5 dxc5 45. Na2 Ke8 46. Nac3 Nc6
47. Nb5 Bb8 48. Rc1 Ra5 49. N5c3 Nd4 50. Nd2 Ke7 51. Nc4 Ra6 52. Kg1 Bc7 53.
Kf2 Nb3 54. Rc2 Nd4 55. Rc1 Nb3 56. Rd1 Nd4 57. Ke3 Kd7 58. Kd3 Kc6 59. h4 Ra8
60. h5 Ra6 61. Ne3 Ra8 62. Kc4 Bd6 63. Rh1 Kb6 64. Rh3 Ra7 65. Rg3 Kc6 66. Rg6
Kb6 67. Kd3 Kc6 68. Nc4 Bb8 69. Ne3 Bd6 70. Nc4 Bb8 71. Ne3 Bd6 72. Kc4 Bb8 73.
Nf5 Bc7 74. Nxg7 Rb7 75. Nxa4 Nb5 76. Rxe6+ Nd6+ 1-0

[Event "4.Nord-West-Cup"]
[Site "?"]
[Date "2002.??.??"]
[Round "5"]
[White "Lingnau, Carsten"]
[Black "Pel, Bonno"]
[Result "1-0"]
[WhiteElo "2436"]
[BlackElo "2191"]
[PlyCount "66"]

1. d4 d6 2. Nf3 g6 3. c4 Bg7 4. Nc3 Nf6 5. g3 O-O 6. Bg2 Nc6 7. O-O Bg4 8. d5
Na5 9. Nd2 c5 10. h3 Bd7 11. Qc2 e5 12. dxe6 Bxe6 13. b3 d5 14. cxd5 Nxd5 15.
Bb2 Rc8 16. Rad1 Nb4 17. Qb1 Qe7 18. Nce4 f6 19. Rc1 b6 20. Rfd1 Rcd8 21. a3
Nbc6 22. e3 f5 23. Bxg7 Kxg7 24. Nc3 Ne5 25. b4 Rxd2 26. Rxd2 Nac4 27. Rdd1
Nxa3 28. Qa1 Kh6 29. Nd5 Bxd5 30. Rxd5 Nec4 31. bxc5 b5 32. c6 Nb6 33. Rd4 Nac4
1-0

[Event "4.Nord-West-Cup"]
[Site "?"]
[Date "2002.??.??"]
[Round "5"]
[White "You, Long"]
[Black "Ljubarskij, Jurij"]
[Result "1/2-1/2"]
[WhiteElo "2207"]
[BlackElo "2345"]
[PlyCount "109"]

1. d4 d5 2. Nf3 Nf6 3. Bf4 e6 4. e3 Be7 5. Nbd2 O-O 6. Bd3 b6 7. O-O Bb7 8. Ne5
Nbd7 9. Ndf3 Ne4 10. Nxd7 Qxd7 11. Ne5 Qe8 12. f3 Nd6 13. c3 f6 14. Ng4 c5 15.
Qe2 f5 16. Nf2 c4 17. Bc2 b5 18. e4 fxe4 19. Bxd6 Bxd6 20. fxe4 e5 21. dxe5
Qxe5 22. Ng4 Qe6 23. Nf2 Bc5 24. e5 Rxf2 25. Rxf2 Re8 26. Re1 Rf8 27. Ref1 Qh6
28. e6 Rxf2 29. Rxf2 Qc1+ 30. Bd1 Qe3 31. Qxe3 Bxe3 32. Bg4 Bxf2+ 33. Kxf2 Kf8
34. Ke3 Ke7 35. Kd4 Kd6 36. g3 g6 37. e7 Kxe7 38. Ke5 d4 39. cxd4 b4 40. d5 c3
41. bxc3 bxc3 42. Bd1 Bc8 43. Kd4 Kd6 44. Bb3 Bb7 45. Kxc3 Bxd5 46. Bxd5 Kxd5
47. Kb4 Kc6 48. Ka5 Kb7 49. Kb5 Kc7 50. Ka6 Kb8 51. a4 Ka8 52. a5 Kb8 53. Kb5
Kb7 54. a6+ Kc7 55. Kc5 1/2-1/2

[Event "4.Nord-West-Cup"]
[Site "?"]
[Date "2002.??.??"]
[Round "5"]
[White "Korsus, Bernd"]
[Black "Boer, Alef"]
[Result "0-1"]
[WhiteElo "2272"]
[BlackElo "2190"]
[PlyCount "78"]

1. d4 Nf6 2. c4 e6 3. Nc3 Bb4 4. f3 d5 5. Qa4+ Nc6 6. a3 Bxc3+ 7. bxc3 h6 8. e3
O-O 9. cxd5 exd5 10. Bd3 Re8 11. Ne2 Bd7 12. Qc2 Na5 13. O-O c5 14. dxc5 Qc7
15. Nd4 Qxc5 16. Bd2 Nc4 17. Bxc4 Qxc4 18. a4 Bc6 19. Rfb1 Nd7 20. Nf5 Re6 21.
Rb4 Qc5 22. Rg4 Rg6 23. Rxg6 fxg6 24. Nxh6+ gxh6 25. Qxg6+ Kf8 26. c4 Qxc4 27.
Rc1 Qxa4 28. Qxh6+ Kf7 29. Bc3 Qa3 30. e4 Qc5+ 31. Kh1 d4 32. Qh7+ Ke6 33. Bd2
Qe5 34. Qg6+ Nf6 35. f4 Qxe4 36. Re1 Rg8 37. f5+ Ke5 38. Bf4+ Kxf4 39. Qh6+ Ke5
0-1

[Event "4.Nord-West-Cup"]
[Site "?"]
[Date "2002.??.??"]
[Round "5"]
[White "Fischbach, Harald"]
[Black "Weber, Siegfried"]
[Result "0-1"]
[WhiteElo "2199"]
[BlackElo "2246"]
[PlyCount "64"]

1. e4 Nc6 2. Nf3 e5 3. Bb5 Nd4 4. Ba4 Bc5 5. c3 Nxf3+ 6. Qxf3 Ne7 7. b4 Bb6 8.
Na3 O-O 9. Nc4 f5 10. Bb3 d5 11. Nxb6 fxe4 12. Qxe4 axb6 13. Qxe5 b5 14. O-O
Ra6 15. d3 Rf5 16. Qd4 Rg6 17. f4 Rh5 18. Bd2 c6 19. Bd1 Nf5 20. Qf2 Rh3 21.
Bf3 Nh4 22. g3 Nxf3+ 23. Qxf3 Qh4 24. Qg2 Rxh2 25. Qxh2 Rxg3+ 26. Qxg3 Qxg3+
27. Kh1 Bh3 28. Rg1 Qxd3 29. Be1 Qf3+ 30. Kh2 Bf5 31. Bg3 Qh5+ 32. Kg2 Qe2+ 0-1

[Event "4.Nord-West-Cup"]
[Site "?"]
[Date "2002.??.??"]
[Round "5"]
[White "Wirz, James"]
[Black "Tschetschelnitzki, Boris"]
[Result "0-1"]
[WhiteElo "1843"]
[BlackElo "2230"]
[PlyCount "102"]

1. e4 e6 2. d4 d5 3. Nd2 c5 4. Ngf3 cxd4 5. Nxd4 Nf6 6. exd5 Qxd5 7. N2f3 a6 8.
Bf4 Nbd7 9. Nb3 Be7 10. Be2 O-O 11. O-O b5 12. Nfd4 Nc5 13. Bf3 Nce4 14. Qe2
Bb7 15. Rad1 Qc4 16. Qe3 Bd5 17. Be5 Qc8 18. Rfe1 Nd6 19. Qg5 Bxf3 20. Nxf3 h6
21. Qf4 Nc4 22. Bd4 Rd8 23. Rd3 Rd5 24. Nbd2 Rf5 25. Qg3 Nxd2 26. Rxd2 Qb7 27.
Rde2 Rd8 28. c3 Bc5 29. Re4 Bxd4 30. Rxd4 Rxd4 31. Nxd4 Rg5 32. Qf3 Qxf3 33.
Nxf3 Rd5 34. Kf1 Kf8 35. Ke2 Ne4 36. Nd4 Nc5 37. Rd1 Na4 38. Rd2 Ke8 39. Kd1 e5
40. Nc6 Nxb2+ 41. Kc2 Rxd2+ 42. Kxd2 Nc4+ 43. Kd3 f5 44. Nb4 a5 45. a4 Nb2+ 46.
Kc2 Nxa4 47. Nc6 Nc5 48. Nxa5 Kd7 49. c4 b4 50. Nb3 Kd6 51. f3 Nxb3 0-1

[Event "4.Nord-West-Cup"]
[Site "?"]
[Date "2002.??.??"]
[Round "5"]
[White "Issel, Oliver"]
[Black "Wiertzema, Michael"]
[Result "1-0"]
[WhiteElo "2226"]
[BlackElo "2169"]
[PlyCount "119"]

1. d4 Nf6 2. Nf3 e6 3. e3 c5 4. Bd3 b6 5. Nbd2 Bb7 6. O-O Qc7 7. c4 Nc6 8. b3
Be7 9. Bb2 Nb4 10. Bb1 g5 11. dxc5 bxc5 12. e4 g4 13. Ne5 Rg8 14. a3 Nc6 15.
Nxc6 Qxc6 16. Bc2 Nh5 17. g3 f5 18. Bc3 f4 19. b4 Bd6 20. Ba4 Qc7 21. e5 Bxe5
22. Bxe5 Qxe5 23. Re1 Qc7 24. Rxe6+ Kf7 25. Re2 Nf6 26. Qc2 Rae8 27. Rae1 Rxe2
28. Rxe2 Rg5 29. Qc3 fxg3 30. fxg3 Qb6 31. Rf2 cxb4 32. axb4 Qe6 33. Bxd7 Qe1+
34. Rf1 Qe5 35. Qxe5 Rxe5 36. c5 Ke7 37. c6 Nxd7 38. cxb7 Rb5 39. Rf4 h5 40.
Nf1 Rxb7 41. Ne3 Ke6 42. h3 gxh3 43. Kh2 Nf6 44. Kxh3 Rd7 45. Kg2 Rd3 46. Kf2
Rb3 47. Rc4 Ke5 48. Nf1 Ne4+ 49. Rxe4+ Kd5 50. Rh4 Kc6 51. Ne3 Kb5 52. Nd5 Rb2+
53. Kg1 Rd2 54. Rxh5 Kc4 55. g4 Kd4 56. Nf6 Ke3 57. Rf5 Rb2 58. b5 a5 59. bxa6
Ra2 60. Nd5+ 1-0

[Event "4.Nord-West-Cup"]
[Site "?"]
[Date "2002.??.??"]
[Round "5"]
[White "Ostermeier, Ralf"]
[Black "Markl, Martin"]
[Result "1/2-1/2"]
[WhiteElo "2131"]
[BlackElo "2299"]
[PlyCount "86"]

1. e4 e5 2. Nf3 Nc6 3. Bb5 a6 4. Ba4 Nf6 5. O-O Nxe4 6. d4 b5 7. Bb3 d5 8. dxe5
Be6 9. Nbd2 Nc5 10. c3 Be7 11. Bc2 Bg4 12. Re1 O-O 13. h3 Bh5 14. Nb3 Ne6 15.
Qd3 Bg6 16. Qe2 Qd7 17. Bxg6 fxg6 18. Nfd4 Ncxd4 19. cxd4 Bh4 20. g3 Be7 21.
Be3 a5 22. Rad1 Bb4 23. Rf1 a4 24. Nc1 Ba5 25. Nd3 c6 26. Kg2 Bb6 27. Nf4 Nd8
28. h4 Re8 29. Rc1 Rc8 30. Rc2 Nb7 31. Rfc1 Na5 32. Nd3 Nc4 33. b3 axb3 34.
axb3 Na5 35. Rb1 Qf5 36. g4 Qe6 37. Nc5 Bxc5 38. Rxc5 Ra8 39. f4 Ra6 40. Kg3
Rea8 41. Qd3 Nb7 42. Rc2 Qe7 43. f5 gxf5 1/2-1/2

[Event "4.Nord-West-Cup"]
[Site "?"]
[Date "2002.??.??"]
[Round "5"]
[White "Asendorf, Joachim"]
[Black "Busch, Christian"]
[Result "1-0"]
[WhiteElo "2297"]
[BlackElo "2112"]
[PlyCount "63"]

1. c4 Nf6 2. Nc3 c5 3. g3 Nc6 4. Bg2 e6 5. Nf3 d5 6. cxd5 Nxd5 7. O-O Be7 8. d4
O-O 9. Nxd5 exd5 10. dxc5 Bxc5 11. b3 d4 12. Bb2 Qb6 13. Rc1 Rd8 14. Qc2 Be7
15. Rfd1 Be6 16. Qe4 Bf6 17. Rd2 Rd7 18. Rcd1 Rad8 19. h4 h6 20. Kh2 Qc5 21.
Bh3 Bxh3 22. Kxh3 Rd6 23. Kg2 Re6 24. Qc2 Qb6 25. Qc4 Red6 26. e3 Na5 27. Qa4
dxe3 28. Rxd6 Rxd6 29. Rxd6 Qxd6 30. Bxf6 Qxf6 31. Qxa5 Qb2 32. Qd8+ 1-0

[Event "4.Nord-West-Cup"]
[Site "?"]
[Date "2002.??.??"]
[Round "5"]
[White "Grecescu, Gabriel"]
[Black "Mandelbaum, Peter"]
[Result "1-0"]
[WhiteElo "2272"]
[BlackElo "2101"]
[PlyCount "123"]

1. e4 c5 2. Nf3 Nc6 3. Bb5 g6 4. O-O Bg7 5. Re1 Nf6 6. Bxc6 dxc6 7. h3 O-O 8.
d3 Ne8 9. Nc3 e5 10. Be3 Qe7 11. Nd2 g5 12. Nc4 Nc7 13. a3 Ne6 14. Qd2 f6 15.
f3 h5 16. g4 Nd4 17. Kg2 Kf7 18. Ne2 h4 19. b4 Ne6 20. bxc5 Nxc5 21. Qb4 Na6
22. Qc3 Rd8 23. Rab1 Bf8 24. d4 exd4 25. Nxd4 Qc7 26. Bf2 Nc5 27. e5 Ne6 28.
Nxe6 Bxe6 29. exf6 Bd6 30. Ne5+ Bxe5 31. Rxe5 Rd5 32. Rbe1 Re8 33. Rxd5 Bxd5
34. Qd3 Qf4 35. Qh7+ Kxf6 36. Rxe8 Qxf3+ 37. Kf1 Qxh3+ 38. Ke2 Qf3+ 39. Ke1
Qc3+ 40. Kd1 Bf3+ 41. Kc1 Qxa3+ 42. Kd2 Qb4+ 43. c3 Qb2+ 44. Qc2 Qxc2+ 45. Kxc2
Bxg4 46. Bxa7 Be6 47. Kd2 g4 48. Ke3 Bd5 49. Kf4 h3 50. Rh8 Bf3 51. Bb6 Kg7 52.
Rh4 Kf6 53. c4 Ke6 54. c5 Kd5 55. Kg3 Ke4 56. Rh7 Ke3 57. Rxb7 h2 58. Kxh2 Kf2
59. Bc7 Ke3 60. Kg3 Kd4 61. Bd6 Ke3 62. Rg7 1-0

[Event "4.Nord-West-Cup"]
[Site "?"]
[Date "2002.??.??"]
[Round "5"]
[White "Perman, Torvald"]
[Black "Kozlova, Olga"]
[Result "0-1"]
[WhiteElo "2099"]
[BlackElo "2259"]
[PlyCount "80"]

1. c4 Nf6 2. Nc3 e5 3. g3 c6 4. Nf3 e4 5. Nd4 d5 6. cxd5 cxd5 7. d3 Bc5 8. dxe4
dxe4 9. Nb3 Qxd1+ 10. Nxd1 Bb4+ 11. Bd2 Nc6 12. Ne3 Be6 13. O-O-O a5 14. Kb1
Ke7 15. Bxb4+ Nxb4 16. Nc1 Rhd8 17. Bg2 Nbd5 18. Nxd5+ Rxd5 19. Rxd5 Bxd5 20.
h3 Rd8 21. e3 Nd7 22. Ne2 Nc5 23. Nc3 Bc6 24. Rd1 Rxd1+ 25. Nxd1 g5 26. Bf1 f5
27. Kc2 Kd6 28. Nc3 Ke5 29. Be2 f4 30. gxf4+ gxf4 31. Kd2 f3 32. Bc4 Bd7 33. h4
h6 34. Nb5 Be6 35. Bxe6 Kxe6 36. Nc3 Kf5 37. Nd5 Nd3 38. Kc3 Nxf2 39. Kd4 Nd1
40. Ne7+ Ke6 0-1